| 000 | 00696nam a2200217 a 4500 | ||
|---|---|---|---|
| 001 | 013157 | ||
| 003 | BD-ChCU | ||
| 008 | Ben | ||
| 020 | _a৯৮৪৮৪২৬০০০ | ||
| 040 |
_aDLC _cDLC _dBD-ChCU |
||
| 082 | 0 | 0 | _a১৮১.৯৪৩/হোসে ৮৮ ই |
| 100 | 1 |
_aহোসেন, মোঃ শওকত _b- |
|
| 245 | 1 | 0 |
_aইমাম আল-গাযালী ও ইবনে রুশদ-এর দর্শন _b- |
| 250 | _a*** | ||
| 260 |
_aঢাকা _bতিথি পাব. _c১৯৯১ |
||
| 300 | _a** | ||
| 504 | _a- Biblio- | ||
| 650 | 0 |
_aগাযালী, ইমাম - দর্শন _bদর্শন |
|
| 700 | 1 | _a- | |
| 942 |
_2ddc _cBK |
||
| 999 |
_c13157 _d13157 |
||